000 00493nam a2200157 i 4500
001 30932
003 ES-MaACL
005 20230906154258.0
007 t|
008 030127s1908 sp ||||1| spa d
100 1 _aBarutell y Power, Carlos.
_926214
245 1 0 _aEfecto térmico de la depuración en los motores de gas /
_cpor Carlos Barutell y Power.
260 _aMadrid :
_b[s.n.],
_c1908 (
_fImp. del Memorial de Ingenieros)
300 _a14 p. ;
_c26 cm.
852 _aES-MaACL
_jT-1169-F-2
999 _c30932
_d30932